00658nam a2200229 a 4500001001300000003000900013005001700022008004100039020001000080082001300090100001800103245002500121260004800146300000900194500003500203505002900238700001800267902000800285942000700293952011300300999001500413nice12345678IN_TiNIC20260116011429.0050524s1957 laha grp 000 0 eng  ac10000a201bBAR aBarkat, Ullah aSalib Ke Alam Bardar aLahorebPunjab Religious Booksociety c1957 a232p aincludes index and biblioraphy2 afaith and fact books;1431 aBarkat, Ullah bSRS cBK 001040708StackRoom-aHMIbHMId2007-07-31g100.00l0o201 BARp02159r2007-07-31v100.00w2005-05-24yBK c1466d1466